| 000 | 005960000a22001930004500 | ||
|---|---|---|---|
| 090 |
_aAR _b03844 |
||
| 245 | 1 | 0 | _aInformational theories of legislative organization |
| 300 | _ap. 61-103 | ||
| 500 | _a<Colección Recursos Genéticos> | ||
| 650 | 1 | 4 |
_aCiencias políticas _997193 |
| 650 | 1 | 4 |
_aComunicación _996806 |
| 041 | 0 | _aInglés | |
| 044 | _aEstados Unidos | ||
| 700 | 1 |
_aDeutsch, Karl _997662 |
|
| 100 | 1 |
_aMadison, James _997663 |
|
| 260 |
_aMichigan _bUniversity of Michigan Press _c1991 |
||
| 942 | _cARTICULO | ||
| 773 | 1 | _tIn krehbiel, Keith/ Information and legislative organization | |
| 999 |
_c12879 _d12879 |
||